000
00298nam a2200133Ia 4500
005
20251222141806.0
008
251222s9999||||xx |||||||||||||| ||spa||
020
_a
88-7234000-4
082
_a
475.04/B45
100
_a
Bernardis, Silvana De
245
0
_a
Aetates:
264
_b
Oberon
942
_c
LIB
999
_c
6305
_d
6305